00458nam a2200169 a 45000010005000000030009000050080041000140200015000550400028000700820025000981000018001232450049001412600039001903000017002294900030002466500012002765659CO-ViMGA141112s2004 ck r 000 u spa d a8425216109 aCO-ViMGAbspacCO-ViMGA04aMEVIECAR.6424 O587ac1 aOmura, George10aAuto - cad 12 : bpara DOS / cOmura George  aBarcelona : bGustavo Gili, c1994 a1051 p. : il aManuales de informática14aAUTOCAD